| 000 | 01037nas a2200325 4500 | ||
|---|---|---|---|
| 001 | BR2010000436 | ||
| 003 | BR-BrBNA | ||
| 005 | 20231205113839.0 | ||
| 007 | ta | ||
| 008 | 230509b bl.|||p| |||| 00| 00por d | ||
| 040 |
_aBR-BrBNA _bpor _cBiblioteca Nacional de Agricultura |
||
| 041 | _a(Pt) | ||
| 072 | _aL73 | ||
| 100 | 1 | _aTomich, R.G.P. | |
| 100 | 1 | _aSerra, C.V. | |
| 100 | 1 | _aBomfim, M.R.Q. | |
| 100 | 1 | _aCampos, F.S. | |
| 100 | 1 | _aLobato, Z.I.P. | |
| 100 | 1 | _aPellegrin, A.O. | |
| 100 | 1 | _aPellegrin, L.A. | |
| 100 | 1 | _aBarbosa-Stancioli, E.F. | |
| 245 | 1 | _aSorodiagnóstico de doenças da reprodução em rebanhos de bovinos leiteiros de assentamentos rurais de Corumbá, MS | |
| 650 | _aGADO LEITEIRO | ||
| 650 | _aDOENÇA ANIMAL | ||
| 650 | _aDIAGNÓSTICO | ||
| 650 | _aMATO GROSSO DO SUL | ||
| 773 | 0 |
_tArquivo Brasileiro de Medicina Veterinária e Zootecnia (Brazil) _xISSN 0102-0935 _g(Aug 2009), v. 61(4) p. 986-991 _wBR2010000436 |
|
| 909 |
_a202311 _bLúcia _c55 _dLúcia Elande |
||
| 942 |
_2AGRIS _n0 _cANA |
||
| 999 |
_c205928 _d205928 |
||